PROCEEDINGS OF THE FIFTH SYMPOSIUM ON MAGNETISM AND MAGNETIC MATERIALS (Record no. 567498)
[ view plain ]
| 000 -LEADER | |
|---|---|
| fixed length control field | 00273nam a22000977a 4500 |
| 082 ## - DEWEY DECIMAL CLASSIFICATION NUMBER | |
| Classification number | 598.2 PRO'A |
| 100 ## - MAIN ENTRY--PERSONAL NAME | |
| Personal name | APPLIED PHYSICS |
| 9 (RLIN) | 57206 |
| 245 ## - TITLE STATEMENT | |
| Title | PROCEEDINGS OF THE FIFTH SYMPOSIUM ON MAGNETISM AND MAGNETIC MATERIALS |
| 260 ## - PUBLICATION, DISTRIBUTION, ETC. | |
| Place of publication, distribution, etc. | NEWYORK |
| Name of publisher, distributor, etc. | MCGRAW HILL |
| Date of publication, distribution, etc. | 1960 |
| 942 ## - ADDED ENTRY ELEMENTS (KOHA) | |
| Koha item type | Book |
| Withdrawn status | Lost status | Damaged status | Not for loan | Permanent Location | Current Location | Shelving location | Date acquired | Total Checkouts | Full call number | Barcode | Date last seen | Price effective from | Koha item type |
|---|---|---|---|---|---|---|---|---|---|---|---|---|---|
| College of Electrical & Mechanical Engineering (CEME) | College of Electrical & Mechanical Engineering (CEME) | General Stacks | 07/12/2017 | 598.2 PRO'A | CEME-4341 | 06/28/2021 | 06/28/2021 | Book | |||||
| College of Electrical & Mechanical Engineering (CEME) | College of Electrical & Mechanical Engineering (CEME) | General Stacks | 07/12/2017 | 598.2 PRO'A | CEME-4342 | 06/28/2021 | 06/28/2021 | Book |
